书目信息 |
| 题名: |
金属材料腐蚀试验方法标准汇编
|
|
| 作者: | ;中国标准出版社 编 | |
| 分册: | ||
| 出版信息: | 北京 中国标准出版社 2010.12 |
|
| 页数: | 796页 | |
| 开本: | 30cm | |
| 丛书名: | ||
| 单 册: | ||
| 中图分类: | TG174.3 | |
| 科图分类: | ||
| 主题词: | 金属材料--jin shu cai liao--腐蚀试验--国家标准--汇编 | |
| 电子资源: | ||
| ISBN: | 978-7-5066-5931-4 | |
| 000 | 00864nam0 2200253 450 | |
| 001 | 1252866859 | |
| 005 | 20120217144124.01 | |
| 010 | @a978-7-5066-5931-4@dCNY255.00 | |
| 100 | @a20110512d2010 ekmy0chiy50 ea | |
| 101 | 0 | @achi |
| 102 | @aCN@b110000 | |
| 105 | @aa z 000yy | |
| 106 | @ar | |
| 200 | 1 | @a金属材料腐蚀试验方法标准汇编@Ajin shu cai liao fu shi shi yan fang fa biao zhun hui bian@f中国标准出版社第五编辑室编 |
| 205 | @a第2版 | |
| 210 | @a北京@c中国标准出版社@d2010.12 | |
| 215 | @a796页@c图@d30cm | |
| 330 | @a本书收入了金属材料腐蚀试验方法方面的国家标准和行业标准。 | |
| 586 | @a | |
| 606 | 0 | @a金属材料@Ajin shu cai liao@x腐蚀试验@x国家标准@j汇编 |
| 690 | @aTG174.3@v5 | |
| 711 | 02 | @a中国标准出版社@Azhong guo biao zhun chu ban she@b第五编辑室@Bdi wu bian ji shi@4编 |
| 801 | 0 | @aCN@c20110610 |
| 905 | @b1016303-5@dTG174.3@eZ552@f3 | |
| 金属材料腐蚀试验方法标准汇编/中国标准出版社第五编辑室编.-第2版.-北京:中国标准出版社,2010.12 |
| 796页:图;30cm |
| ISBN 978-7-5066-5931-4:CNY255.00 |
| 本书收入了金属材料腐蚀试验方法方面的国家标准和行业标准。 |
| ● |
| 相关链接 |
|
|
|
正题名:金属材料腐蚀试验方法标准汇编
索取号:TG174.3/Z552
 
预约/预借
| 序号 | 登录号 | 条形码 | 馆藏地/架位号 | 状态 | 备注 |
| 1 | 1016303 | 210163035 | 自科库501/501自科库 25排3列1层/ [索取号:TG174.3/Z552] | 在馆 | |
| 2 | 1016304 | 210163044 | 自科库501/501自科库 25排3列1层/ [索取号:TG174.3/Z552] | 在馆 | |
| 3 | 1016305 | 210163053 | 期刊室512/501自科库 25排3列1层/ [索取号:TG174.3/Z552] | 在馆 |